| 000 | 01672cam a2200325 a 4500 | ||
|---|---|---|---|
| 001 | 15120724 | ||
| 005 | 20170105102921.0 | ||
| 008 | 071221s2008 nyu b 001 0 eng | ||
| 010 | _a 2007051400 | ||
| 020 | _a9781846141287(hardcover) | ||
| 040 |
_aDLC _cDLC _dDLC |
||
| 043 |
_aa-iq--- _an-us--- |
||
| 050 | 0 | 0 |
_aDS79.76 _b.S698 2008 |
| 082 | 0 | 0 |
_a956.7044/31 _222 |
| 100 | 1 | _aStiglitz, Joseph E. | |
| 245 | 1 | 4 |
_aThe three trillion dollar war : _bthe true cost of the Iraq conflict / _cJoseph E. Stiglitz and Linda J. Bilmes. |
| 250 | _a1st ed. | ||
| 260 |
_aNew York : _bW.W. Norton, _cc2008. |
||
| 300 |
_axxiii, 311 p. ; _c22 cm. |
||
| 504 | _aIncludes bibliographical references and index. | ||
| 505 | 0 | _aIs it really three trillion? -- The costs to the nation's budget -- The true cost of caring for our veterans -- Costs of war that the government doesn't pay -- The macroeconomic effects of the war -- Global consequences -- Exiting Iraq -- Learning from our mistakes : reforms for the future -- Appendices: President's letter to the Speaker of the House of Representatives on the Emergency Appropriations Act -- Evolving DOD Web sites for Operation Iraqi Freedom -- On methodologies. | |
| 650 | 0 |
_aIraq War, 2003-2011 _xFinance _zUnited States. |
|
| 650 | 0 |
_aWar _xEconomic aspects _zUnited States. |
|
| 650 | 0 |
_aWar _xEconomic aspects _zIraq. |
|
| 700 | 1 | _aBilmes, Linda. | |
| 856 | 4 | 1 |
_3Table of contents only _uhttp://www.loc.gov/catdir/toc/ecip087/2007051400.html |
| 906 |
_a7 _bcbc _corignew _d1 _eecip _f20 _gy-gencatlg |
||
| 942 |
_2ddc _cBK |
||
| 999 |
_c15578 _d15578 |
||